|
|
|
|
| LEADER |
00000naa a2200000uu 4500 |
| 001 |
vtls011033876 |
| 003 |
SK-MaSNL |
| 005 |
20260302124758.0 |
| 008 |
220810|1999 xo |||||||||||||||||cze| |
| 015 |
|
|
|a SNBRA
|
| 035 |
|
|
|a (urnnbn)urn:nbn:sk:snk:ar-008sdx
|
| 035 |
|
|
|a (uuid)9fa8defb-b816-447b-81c6-e3606f1523cc
|
| 035 |
|
|
|a urn:nbn:sk:snk-aauo8q
|
| 040 |
|
|
|a SNKBUCL
|b slo
|c SNKBUCL
|e AACR2
|
| 041 |
0 |
|
|a cze
|
| 044 |
|
|
|a xo
|c SK
|
| 100 |
1 |
|
|a Pícl, Václav
|4 aut
|9 811111
|
| 245 |
1 |
0 |
|a NOVÉ STROJE A ZAŘÍZENÍ
|c Václav Pícl
|
| 773 |
0 |
|
|t Pozberové ošetrenie zrnín a osív (čistenie, triedenie, osievanie, sušenie, mletie a šrotovanie)
|d V Nitre : Slovenská poľnohospodárska univerzita, 1999
|g S. 4-8
|z 8071376450
|
| 954 |
|
|
|a odborná, vedecká literatúra cudzojazyčná (svetová)
|2 lita
|
| 958 |
|
|
|a OND
|
| 958 |
|
|
|a article12
|
| 958 |
|
|
|a chapter
|
| 999 |
|
|
|c 1290021
|d 1291951
|